Loading...
| Fine Arts - Classical Music | 4 | 15.00 | 1,225% | 400% | 625% |
| Fine Arts - Other | 5 | 4.00 | 1,620% | 0% | 160% |
| Fine Arts - Painting & Sculpture | 4 | 7.50 | 2,925% | 200% | 0% |
| History - American | 4 | 7.50 | 0% | 375% | 200% |
| History - European | 7 | 8.57 | 2,771% | 343% | 0% |
| History - Other | 6 | 10.00 | 1,067% | 383% | 283% |
| History - World | 4 | 12.50 | 2,925% | 425% | 150% |
| Literature - American | 5 | 10.00 | 980% | 180% | 520% |
| Literature - British | 7 | 10.00 | 3,686% | 257% | 114% |
| Literature - European | 5 | 8.00 | 1,280% | 0% | 480% |
| Literature - World | 6 | 6.67 | 3,517% | 133% | 0% |
| Mythology | 5 | 12.00 | 2,560% | 0% | 600% |
| Other | 3 | 20.00 | 4,833% | 533% | 533% |
| Philosophy | 4 | 7.50 | 2,025% | 0% | 425% |
| Religion | 7 | 7.14 | 914% | 329% | 114% |
| Science - Biology | 4 | 17.50 | 4,850% | 425% | 425% |
| Science - Chemistry | 2 | 10.00 | 7,250% | 0% | 0% |
| Science - Other | 1 | 0.00 | 0% | 0% | 0% |
| Science - Physics | 3 | 10.00 | 3,767% | 233% | 0% |
| Social Science | 5 | 12.00 | 4,520% | 340% | 160% |